00460 2200181 4500245005700000020001800057250001100075100002100086700001000107700001600117650001700133005001900150260004100169041001400210084001300224300003200237336000900269 aThe Doraemons Special Vol. 6cFujio, Fujiko F.hText a979-20-7635-2 aCet. 1 aFujio, Fujiko F. aIdrus aNia Ikasary aKomik Jepang a20230414094138 aJakartabElex Media Komputindoc2005 aIndonesia a741.5592 a... jil. :bilus. ;c17 cm. atext